[Event "BIH-chT2"]
[Site "Bosna"]
[Date "2017.08.29"]
[Round "8.4"]
[White "Buljubasic, Sabahudin"]
[Black "Gekic, Haris"]
[Result "1-0"]
[WhiteElo "2334"]
[BlackElo "2213"]
[PlyCount "91"]
[EventDate "2017.08.25"]
[EventType "team-tourn"]
[EventRounds "9"]
[EventCountry "BIH"]
[SourceTitle "EXT 2019"]
[Source "ChessBase"]
[SourceDate "2018.10.10"]
[SourceVersion "1"]
[SourceVersionDate "2018.10.10"]
[SourceQuality "1"]

1. e4 c6 2. d4 d5 3. exd5 cxd5 4. c4 Nf6 5. Nc3 Nc6 6. Bg5 Be6 7. Nf3 g6 8. c5 Ne4 9. Bb5 Bg7 10. 0-0 0-0 11. Be3 Bg4 12. Qa4 Bxf3 13. gxf3 Nxc3 14. bxc3 Qc7 15. Rab1 e5 16. Rfd1 Ne7 17. Bd3 b6 18. Kg2 Rfd8 19. dxe5 bxc5 20. f4 f6 21. Qa6 fxe5 22. Qe6+ Kh8 23. fxe5 c4 24. Bc2 Qxe5 25. Qxe5 Bxe5 26. Bg5 Rd7 27. Ba4 Rc7 28. Re1 Bd6 29. Re6 Nf5 30. Bc2 Be7 31. Bf4 Rd7 32. Ba4 Rdd8 33. Bc7 Rf8 34. Bc6 Kg7 35. Be5+ Kh6 36. Bxa8 Rxa8 37. Rb7 Bg5 38. f4 Bh4 39. Rf7 Ne3+ 40. Kf3 d4 41. Bg7+ Kh5 42. Bxd4 Ng4 43. Rxh7+ Nh6 44. Re5+ g5 45. Re6 g4+ 46. Kg2 1-0

[Event "BIH-chT2"]
[Site "Bosna"]
[Date "2017.08.27"]
[Round "5.1"]
[White "Kekic, Armin"]
[Black "Gekic, Haris"]
[Result "1/2-1/2"]
[WhiteElo "2228"]
[BlackElo "2213"]
[PlyCount "21"]
[EventDate "2017.08.25"]
[EventType "team-tourn"]
[EventRounds "9"]
[EventCountry "BIH"]
[SourceTitle "EXT 2019"]
[Source "ChessBase"]
[SourceDate "2018.10.10"]
[SourceVersion "1"]
[SourceVersionDate "2018.10.10"]
[SourceQuality "1"]

1. e4 c6 2. Nc3 d5 3. Nf3 Nf6 4. e5 Ne4 5. Qe2 Nxc3 6. dxc3 Bg4 7. h3 Bxf3 8. Qxf3 e6 9. Bf4 Nd7 10. 0-0-0 b5 11. g4 1/2-1/2